Písomné práce z matematiky s rôznou náročnosťou úloh

Bibliographic Details
Main Author: Mäsiar, Pavel (pedagóg) (Author)
Format: Book
Language:Slovak
Published: V Bratislave Metodické centrum 2000
Edition:2. vyd.
Subjects:

MARC

LEADER 00000nam a2200000 a 4500
001 vtls001413314
003 SK-MaSNL
005 20260302035122.0
008 240226s2000 xo p r y slo
015 |a SNBA2001/08-02672 
020 |a 8080520992 
035 |a SNK000368037 
035 |a urn:nbn:sk:snk-amkmtj 
035 |a urn:nbn:sk:snk-am0014fb 
035 |a 30F7FBE8-96E6-4EA8-B4BF-15C874F70E9A 
040 |a SNK  |b slo  |c SNK  |e AACR2 
041 0 |a slo 
044 |a xo  |c SK 
080 |a 372.851:371.27(072)  |2 1981 
080 |a 51(072)  |2 1981 
100 1 |a Mäsiar, Pavel (pedagóg)  |4 aut  |9 6054 
245 1 0 |a Písomné práce z matematiky s rôznou náročnosťou úloh  |c Pavol Mäsiar 
250 |a 2. vyd. 
260 |a V Bratislave  |b Metodické centrum  |c 2000 
300 |a 17 s.  |b tab.  |c 21 cm 
500 |a 400 výt. 
650 0 7 |a matematika  |x práce výskumné  |x školy základné  |x školy stredné  |x príručky metodické  |2 SNK  |9 687576 
655 7 |a príručky  |2 SNK  |9 74364 
752 |a Slovensko  |d Bratislava 
919 |a 80-8052-099-2 
958 |a TL 
958 |a BQ 
999 |c 1069321  |d 1071251 
952 |t P60, <09>, [BOOK], {629}  |a SNK  |b SNK  |y NEVYP  |7 0  |o snkC 300  |i snk525/20010528  |0 0  |1 0  |4 0  |d 2001-05-23  |l 0  |r 2005-01-02 00:00:00  |w 2026-02-24 
952 |t P60, <03>, [BOOK], {603}  |a SNK  |b SNK  |y PREZ  |7 0  |p 17A0302732  |o snkSC 104897  |i snkKSP 6460/2001  |0 0  |1 0  |4 0  |d 2001-05-23  |f 1  |l 0  |r 2025-09-25 00:00:00  |w 2026-02-24 
952 |t P60, <04>, [BOOK], {604}  |a SNK  |b SNK  |y VYP  |7 0  |p 17A0302731  |o snkSC 104897 D1  |i snkKSP 6461/2001  |0 0  |1 0  |4 0  |d 2001-05-23  |l 0  |r 2005-01-02 00:00:00  |w 2026-02-24